Music Quiz

Random Music or TV Show Quiz

Figure Out the Lyrics: TV Theme IV Quiz Stats

Quiz Updated Oct 13, 2014

Challenge
Share
Tweet
Embed
Score 0/84 Timer 07:00
3 Plays Today
% Correct
a
96.3%
a
96.3%
the
96.1%
the
96.1%
the
96.1%
you
88.7%
you
88.7%
you
88.7%
You
88.7%
you
88.7%
You
88.7%
You
88.7%
You
88.7%
and
78.7%
be
78.4%
be
78.4%
to
75.6%
in
73.5%
can
72%
go,
71.4%
go
71.4%
go
71.4%
are
69.8%
are
69.8%
where
67.9%
where
67.9%
where
67.9%
where
67.9%
% Correct
where
67.9%
your
67.1%
your
67.1%
your
67.1%
your
67.1%
your
67.1%
know,
62.8%
wanna
57.2%
wanna
57.2%
wanna
57.2%
wanna
57.2%
wanna
57.2%
all
57.2%
all
57.2%
all
57.2%
name
57.1%
name.
57.1%
name.
57.1%
everybody
56%
knows
56%
everybody
56%
knows
56%
everybody
56%
knows
56%
see
52.5%
world
50.8%
way
48.2%
same.
46.5%
% Correct
same.
46.5%
would
46%
got.
45.6%
always
45.5%
they're
44.7%
people
44.3%
people
44.3%
came.
43.3%
glad
42.2%
like
42.1%
everything
42.1%
today,
42%
from
41.9%
Making
41.8%
you've
41.3%
takes
39.9%
get
38.3%
lot.
37.6%
troubles
37.4%
Sometimes
36.3%
sure
35.7%
help
35.5%
worries,
34.6%
away?
33.8%
our
33.1%
Wouldn't
31.4%
Taking
30.4%
break
30.3%

You're not logged in!

Compare scores with friends on all Sporcle quizzes.
Sign Up with Email
OR
Log In

You Might Also Like...

Show Comments

Extras

Top Quizzes Today


Score Distribution

Your Account Isn't Verified!

In order to create a playlist on Sporcle, you need to verify the email address you used during registration. Go to your Sporcle Settings to finish the process.